Southville International School and Colleges
Your cart is empty.
  • Cart
  • Lists
    Public lists Eva Luna New books Lux_list list_1
    Your lists Log in to create your own lists
  • Log in to your account
  • Your cookies
  • Search history
Southville International School and Colleges
  • Advanced search
  • Recent comments
  • Most popular
  • Libraries

Log in to your account

Log in with GOOGLE


If you do not have an external account, but do have a local account, you can still log in:

  1. Home
  2. MARC view: Bert's beautiful sights /
Normal view MARC view ISBD view

Bert's beautiful sights / (Record no. 104607)

[ view plain ]
MARC details
000 -LEADER
fixed length control field 00578nam a2200205 a 4500
005 - DATE AND TIME OF LATEST TRANSACTION
control field 20140412111325.0
008 - FIXED-LENGTH DATA ELEMENTS--GENERAL INFORMATION
fixed length control field 001109s19uu xx 00 eng d
020 ## - INTERNATIONAL STANDARD BOOK NUMBER
International Standard Book Number 0-307-12318-9
050 ## - LIBRARY OF CONGRESS CALL NUMBER
Classification number ER
Item number Be46 1990
050 ## - LIBRARY OF CONGRESS CALL NUMBER
Classification number ER
Item number Be46 1992
100 ## - MAIN ENTRY--PERSONAL NAME
Personal name Allen, Constance
245 ## - TITLE STATEMENT
Title Bert's beautiful sights /
Statement of responsibility, etc Constance Allen ; illustrated by Maggie Swanson.
260 ## - PUBLICATION, DISTRIBUTION, ETC. (IMPRINT)
Place of publication, distribution, etc New York :
Name of publisher, distributor, etc Golden Press Book,
Date of publication, distribution, etc 1990.
300 ## - PHYSICAL DESCRIPTION
Extent 1 v. (unp.) ; ill.
440 ## - SERIES STATEMENT/ADDED ENTRY--TITLE
Title CTW/Sesame Street
650 ## - SUBJECT ADDED ENTRY--TOPICAL TERM
Topical term or geographic name as entry element Children stories
650 ## - SUBJECT ADDED ENTRY--TOPICAL TERM
Topical term or geographic name as entry element Sights
Holdings
Withdrawn status Lost status Damaged status Use restrictions Home library Current library Shelving location Date acquired Source of acquisition Total Checkouts Full call number Barcode Date last seen Price effective from Koha item type
        Elizalde Library Elizalde Library Easy Reading Section 11/09/2000     ER Be46 1990 E8355 04/12/2014 04/12/2014 Books
        Elizalde Library Elizalde Library Easy Reading Section 07/03/2007     ER Be46 1992 E10599 04/12/2014 04/12/2014 Books

Bert's beautiful sights /

APA

Allen C., . (1990). Bert's beautiful sights. New York: Golden Press Book.

Chicago

Allen Constance, . 1990. Bert's beautiful sights. New York: Golden Press Book.

Harvard

Allen C., . (1990). Bert's beautiful sights. New York: Golden Press Book.

MLA

Allen Constance, . Bert's beautiful sights. New York: Golden Press Book. 1990.

  • Place hold
  • Print
  • Cite
  • Add to your cart (remove)
  • Save record
    BIBTEX Dublin Core MARCXML MARC (non-Unicode/MARC-8) MARC (Unicode/UTF-8) MARC (Unicode/UTF-8, Standard) MODS (XML) RIS
  • More searches
    Search for this title in:
    Other Libraries (WorldCat) Other Databases (Google Scholar) Online Stores (Bookfinder.com) Open Library (openlibrary.org)

Exporting to Dublin Core...

SOUTHVILLE LIBRARY

Southville International School and Colleges Library

1281 Tropical Ave. Cor. Luxembourg St., BF Homes International, Las Pinas City

Tel. No. 8256374 / 252358 Loc. 117/146

Powered by Koha